000 00315nam a22001337a 4500
008 170413b xxu||||| |||| 00| 0 eng d
020 _a9780838586143
041 _aeng
080 _26 ED
_a618
100 _a10
101 _aSHM
245 _aSONGRRAPHY IN OBSTETRICS GYNECOLOGY
_cFLEISCHER.A.C
942 _2udc
_cBK
999 _c10603
_d10603